| 000 | 00679nam a22002177a 4500 | ||
|---|---|---|---|
| 999 |
_c8321 _d8321 |
||
| 003 | AR-CdUCM | ||
| 008 | 190322b ||||| |||| 00| 0 spa d | ||
| 040 |
_aMUNICIPALIDAD PROVINCIAL DEL CUSCO _cBIBLIOTECA MUNICIPAL DEL CUSCO |
||
| 082 |
_a305 / _bT95 |
||
| 100 |
_aTurner, Victor W. _923367 |
||
| 245 | _aSimbolismo y Ritual / | ||
| 260 |
_aLima : _bGráfica Morsom S. A. ; _c1973. |
||
| 300 |
_a75 páginas ; _c21cm |
||
| 505 | _aContenido: Simbología | ||
| 650 |
_aSimbología _95085 |
||
| 650 |
_aRitual _95086 |
||
| 650 |
_aReligión _91195 |
||
| 710 |
_aÁrea de Antropología, Departamento de Ciencias Sociales - PUCP _923368 |
||
| 942 |
_2ddc _cLIBROS |
||
| 945 | _anom | ||